Statistics for Singapore MRT & LRT Stations (with Map)

Click here to take the quiz!

General Stats

  • This quiz has been taken 154 times
  • The average score is 81 of 171

Answers on the Map

Answers color-coded by a green-red scale on the quiz's map according to % correct below.
 

Answer Stats

Answer% Correct
Jurong East
82%
Tuas Link
82%
Woodlands
82%
Changi Airport
77%
City Hall
77%
Clementi
77%
Orchard
77%
Raffles Place
75%
Expo
73%
Marina Bay
73%
Punggol
73%
Boon Lay
72%
Bukit Panjang
72%
Dhoby Ghaut
72%
Little India
72%
Sengkang
72%
Tampines
72%
Chinatown
70%
HarbourFront
70%
Newton
70%
Pasir Ris
70%
Somerset
70%
Ang Mo Kio
68%
Bugis
68%
Chinese Garden
68%
Paya Lebar
68%
Bedok
67%
Bishan
67%
Choa Chu Kang
67%
Outram Park
67%
Yishun
67%
Canberra
65%
Gardens by the Bay
65%
Joo Koon
65%
Queenstown
65%
Redhill
65%
Stadium
65%
Yio Chu Kang
65%
Bukit Batok
63%
Bukit Gombak
63%
Kallang
63%
Marina South Pier
63%
Pioneer
63%
Serangoon
63%
Yew Tee
63%
Promenade
62%
Tampines East
62%
Toa Payoh
62%
Woodlands North
62%
Beauty World
60%
Botanic Gardens
60%
Buona Vista
60%
Dover
60%
Hougang
60%
Khatib
60%
Lakeside
60%
Marsiling
60%
Novena
60%
Woodlands South
60%
Kranji
58%
Tampines West
58%
Tuas West Road
58%
Gul Circle
57%
Stevens
57%
Commonwealth
55%
Eunos
55%
Hillview
55%
Lavender
55%
Simei
55%
Tiong Bahru
55%
Bayfront
53%
Bencoolen
53%
Buangkok
53%
Caldecott
53%
Farrer Park
53%
Haw Par Villa
53%
King Albert Park
53%
MacPherson
53%
one-north
53%
Sembawang
53%
Springleaf
53%
Tanah Merah
53%
Tanjong Pagar
53%
Admiralty
52%
Cashew
52%
Farrer Road
52%
Kovan
52%
Nicoll Highway
52%
Kent Ridge
48%
Lorong Chuan
48%
Rochor
48%
Sixth Avenue
48%
Tuas Crescent
48%
Upper Thomson
48%
Clarke Quay
47%
Dakota
47%
Downtown
47%
Kembangan
47%
Tai Seng
47%
Tan Kah Kee
47%
Bedok North
45%
Braddell
45%
Esplanade
45%
Great World
45%
Marymount
45%
Woodleigh
45%
Bartley
43%
Bras Basah
43%
Bright Hill
43%
Holland Village
43%
Mayflower
43%
Mountbatten
43%
Potong Pasir
43%
Aljunied
42%
Geylang Bahru
42%
Lentor
42%
Ubi
42%
Bendemeer
40%
Bedok Reservoir
38%
Fort Canning
38%
Mattar
38%
Boon Keng
37%
Orchard Boulevard
37%
Havelock
35%
Napier
35%
Pasir Panjang
35%
Telok Blangah
35%
Upper Changi
35%
Labrador Park
33%
Maxwell
33%
Telok Ayer
33%
Kaki Bukit
28%
Phoenix
28%
Jalan Besar
27%
Shenton Way
25%
Bangkit
22%
Petir
22%
South View
22%
Teck Whye
22%
Fajar
20%
Keat Hong
20%
Pending
20%
Senja
20%
Compassvale
18%
Coral Edge
18%
Jelapang
18%
Punggol Point
18%
Riviera
18%
Segar
18%
Cheng Lim
17%
Cove
17%
Fernvale
17%
Kangkar
17%
Meridian
17%
Oasis
17%
Bakau
15%
Damai
15%
Ranggung
15%
Sam Kee
15%
Farmway
13%
Layar
13%
Nibong
13%
Rumbia
13%
Soo Teck
13%
Sumang
13%
Thanggam
13%
Tongkang
13%
Kadaloor
12%
Kupang
12%
Renjong
12%
Samudera
12%

Score Distribution

Percentile by Number Answered

Percent of People with Each Score

Your Score History

You have not taken this quiz